Principaux pays importateurs d'armes - Statistiques

Statistiques générales
  • Ce quiz a été pris 21 fois
  • Le résultat moyen est 11 sur 15
Statistiques - réponses
% Pays % Correct
2.7% Émirats arabes unis
89%
2.9% États-Unis
89%
8.2% Inde
89%
6.7% Arabie saoudite
84%
1.9% Israël
84%
6.4% Qatar
84%
9.7% Ukraine
84%
2.6% Égypte
79%
2.8% Australie
74%
2.8% Koweït
74%
3.9% Japon
68%
3.6% Pologne
68%
4.2% Pakistan
58%
2.1% Royaume-Uni
53%
1.8% Pays-Bas
26%
Aucun quiz correspondant
Distribution des résultats
% des personnes avec chaque résultat
Percentile par nombre de réponses
Votre historique - résultats
Vous n’avez pas pris ce quiz